Basic Concepts in Computational Physics

Springer.com

Guardat en:
Dades bibliogràfiques
Autor principal: Stickler, Benjamin A
Altres autors: Schachinger, Ewald
Format: Llibre
Idioma:Undetermined
Publicat: Switzerland Springer 2016
Matèries:
Accés en línia:http://lrc.tdmu.edu.vn/opac/search/detail.asp?aID=2&ID=41676
Etiquetes: Afegir etiqueta
Sense etiquetes, Sigues el primer a etiquetar aquest registre!
Thư viện lưu trữ: Trung tâm Học liệu Trường Đại học Thủ Dầu Một
LEADER 00670nam a2200205Ia 4500
001 TDMU_41676
008 210410s9999 xx 000 0 und d
082 |a 658.72 
100 |a Stickler, Benjamin A 
245 0 |a Basic Concepts in Computational Physics 
245 0 |c Benjamin A. Stickler, Ewald Schachinger 
260 |a Switzerland 
260 |b Springer 
260 |c 2016 
300 |a 409Pages 
520 |a Springer.com 
650 |a Computational Physics; Vật lý toán học 
700 |a Schachinger, Ewald 
856 |u http://lrc.tdmu.edu.vn/opac/search/detail.asp?aID=2&ID=41676 
980 |a Trung tâm Học liệu Trường Đại học Thủ Dầu Một